Mexican State or Mexican Food? Quiz Stats

 Plays Quiz Updated Aug 6, 2012

Also try: Foods by Country
Challenge
Share
Tweet
Embed
Score 0/20 Timer 03:00
12 Plays Today
Name It's a... % Correct
Sopapilla???
82.1%
Molletes???
76.5%
Michoacán???
74.6%
Nopalitos???
74%
Jicama???
71.7%
Quintana Roo???
66.7%
Coahuila???
65.8%
Zacatecas???
64.2%
Albóndigas???
63%
Colima???
61.4%
Name It's a... % Correct
Polvorón???
59.5%
Totopo???
59.2%
Tepache???
56.1%
Aguascalientes???
55.6%
Bacanora???
53.4%
Morelos???
53.1%
Campeche???
51.2%
Cuitlacoche???
50.6%
Chiapas???
48.4%
Tamaulipas???
47.6%

You're not logged in!

Compare scores with friends on all Sporcle quizzes.
Join for Free
OR
Log In

You Might Also Like...

Show Comments

Extras

Top Quizzes Today


Score Distribution

Your Account Isn't Verified!

In order to create a playlist on Sporcle, you need to verify the email address you used during registration. Go to your Sporcle Settings to finish the process.

Report this User

Report this user for behavior that violates our Community Guidelines.

Details: